000 00318nam a22001337a 4500
008 170913b xxu||||| |||| 00| 0 eng d
020 _a9789551001236
041 _aALB
080 _a53
100 _a43
101 _aFIZ
245 _aPERMBLEDHJE DETYRASH TE ZGJEDHURA NGA FIZIKA
_cSHAQIRI.Z
942 _2udc
_cBK
999 _c27454
_d27454